La iglesia, icono de la trinidad: breve eclesiología
Guardat en:
| Autor principal: | |
|---|---|
| Format: | Llibre |
| Idioma: | espanyol |
| Publicat: |
Salamanca
Sígueme
2003
|
| Edició: | 3a. ed |
| Col·lecció: | Verdad e Imagen Minor, 4
|
| Matèries: | |
| Etiquetes: |
Afegir etiqueta
Sense etiquetes, Sigues el primer a etiquetar aquest registre!
|
MARC
| LEADER | 00000cam a2200000 a 4500 | ||
|---|---|---|---|
| 001 | UCC1864 | ||
| 003 | CL-VaPUC | ||
| 008 | 171201e20030000sp |||||||||||||||||spa|d | ||
| 020 | |a 8430111654 | ||
| 082 | 0 | 4 | |a 262 |b FOR |2 21 |
| 100 | 0 | |a Forte, Bruno |e author |9 595956 | |
| 245 | 1 | 3 | |a La iglesia, icono de la trinidad: breve eclesiología |
| 250 | |a 3a. ed | ||
| 300 | |a 116 p | ||
| 942 | |c BK | ||
| 945 | |d 20171201 13:56:00 |a arojas | ||
| 260 | |a Salamanca |b Sígueme |c 2003 | ||
| 650 | 0 | |a Iglesia |9 255004 | |
| 650 | 0 | |a Eclesiología |9 366152 | |
| 583 | |a last modification |c 20171201 13:56:00 |k Rodrigo Vera | ||
| 490 | 0 | |a Verdad e Imagen Minor, 4 | |
| 999 | |c 370204 |d 370202 | ||
| 952 | |0 0 |1 0 |3 erb |4 0 |6 262_000000000000000_FOR_2003 |7 0 |8 A |9 486540 |a BIBTEO |b BIBTEO |i 5439140 |l 4 |m 1 |o 262 FOR 2003 |p 5439140 |r 2025-01-17 |s 2023-11-08 |w 2019-11-24 |y BK |z Catalogado en:20171201 |k ICR | ||